Top 20 Countries by HDI - Statistics

General Stats
  • This quiz has been taken 17 times
    7 since last reset
  • The average score is 17 of 20
Answer Stats
Hint Answer % Correct
0.958 Australia
100%
0.939 Canada
100%
0.962 Denmark
100%
0.948 Finland
100%
0.959 Germany
100%
0.972 Iceland
100%
0.938 New Zealand
100%
0.97 Norway
100%
0.959 Sweden
100%
0.946 UK
100%
0.938 US
100%
0.951 Belgium
86%
0.938 Liechtenstein
86%
0.955 Netherlands
86%
0.97 Switzerland
86%
0.949 Ireland
71%
0.946 Singapore
57%
0.937 South Korea
43%
0.94 UAE
43%
0.931 Slovenia
29%
No matching quizzes found
Score Distribution
Percent of People with Each Score
Percentile by Number Answered
Your Score History
You have not taken this quiz since the last reset